00653nam a2200157 a 4500008004100000050001500041100002600056245015300082260004100235300001900276362002300295500001700318650003300335650004200368650008500410140205s2013 ||||||||||||||||| || u aTHESIS/MUK aMukela, Sarah Nalukui12aA study of the constraints faced by small and medium enterprises in accessing credit from commercial banks: a case of Ndolacby Sarah Nalukui Mukela aKitwe: bCopperbelt Universityc2013 axi, 84p.: ill.1 a

MBA Finance

 aBibliography aSMALL AND MEDIUM ENTERPRISES aSMALL AND MEDIUM ENTERPRISES--FUNDING aSMALL AND MEDIUM ENTERPRISES--CREDIT FACILITIES--COMMERCIAL BANKS--NDOLA, ZAMBIA